000 00487nam a2200181 i 4500
001 bg
100 1 _aHordeski, Michael F.
245 0 _aCAD/CAM techniques /
_cMichael F. Hordeski.
260 _aReston :
_bReston Publ. :
_bPrentice-Hall,
_c1986.
650 9 _aKomputerowe wspomaganie projektowania
020 _a0835906205
040 _cBPK
041 _apol
080 _a62.001.13/.14:004
920 _a0-8359-0620-5
942 _cKS
008 s pl f |000 0 pol
999 _c23800
_d23800
856 _uhttp://koha.tu.koszalin.pl/cgi-bin/koha/opac-detail.pl?biblionumber=23800
_yKatalog online BPK